000
00274nam a2200121Ia 4500
008
190216s9999||||xx |||||||||||||| ||und||
100
_a
Null
245
0
_a
Industrial Economics
260
_b
King`S Books Delhi
_c
2001
300
_a
496 p
650
_a
Economics
942
_c
BK
999
_c
10598
_d
10598